Mining Geostatistics (Record no. 77682)

MARC details
000 -LEADER
fixed length control field 00979nam a2200181 a 4500
008 - FIXED-LENGTH DATA ELEMENTS--GENERAL INFORMATION
fixed length control field 120416s0000 ||||||||||||||||| || u
020 ## - INTERNATIONAL STANDARD BOOK NUMBER
International Standard Book Number 0123910560
050 ## - LIBRARY OF CONGRESS CALL NUMBER
Classification number TN 260 Jou
100 ## - MAIN ENTRY--PERSONAL NAME
Personal name Journel, A.G
245 10 - TITLE STATEMENT
Title Mining Geostatistics
260 ## - PUBLICATION, DISTRIBUTION, ETC.
Place of publication, distribution, etc. London
Name of publisher, distributor, etc. Academic Press
Date of publication, distribution, etc. 1978
300 ## - PHYSICAL DESCRIPTION
Extent x, 600p. : ill
350 ## -
-- 0.00
995 ## -
-- MAIN LIBRARY OPEN ACCESS
-- 0.00
-- 721427
-- CBU-MAIN LIBRARY (Kitwe)
-- 1
-- 15.00
-- TN 260 Jou
-- AVAILABLE
-- 015784
-- Main Library Open Access Collection
995 ## -
-- TEXTBOOKS (MIN.ENG.)
-- 0.00
-- 03207
-- CBU-SCHOOL TEXTBOOK COLLECTIONS
-- 1
-- 0.00
-- SCHOOL TEXTBOOK
-- 2
-- AVAILABLE
-- Aug 12, 2009
-- 03207
-- School Collections
995 ## -
-- TEXTBOOKS (MIN.ENG.)
-- 0.00
-- 03209
-- CBU-SCHOOL TEXTBOOK COLLECTIONS
-- 1
-- 0.00
-- SCHOOL TEXTBOOK
-- 4
-- AVAILABLE
-- Aug 12, 2009
-- 03209
-- School Collections
995 ## -
-- TEXTBOOKS (MIN.ENG.)
-- 0.00
-- 03208
-- CBU-SCHOOL TEXTBOOK COLLECTIONS
-- 1
-- 0.00
-- SCHOOL TEXTBOOK
-- 3
-- AVAILABLE
-- Aug 12, 2009
-- 03208
-- School Collections
999 ## -
-- 77682
-- 77682
Holdings
Withdrawn status Lost status Source of classification or shelving scheme Damaged status Not for loan Permanent Location Current Location Shelving location Date acquired Total Checkouts Full call number Barcode Date last seen Copy number Price effective from Koha item type
          CBU-MAIN LIBRARY, KITWE. CBU-MAIN LIBRARY, KITWE.   05/03/2023   TN 260 Jou 015784 05/03/2023 1 05/03/2023 MONOGRAPH
          CBU-SCHOOL TEXT BOOK COLLECTION CBU-SCHOOL TEXT BOOK COLLECTION   05/03/2023   TN 260 Jou 03207 05/03/2023 2 05/03/2023 MONOGRAPH
          CBU-SCHOOL TEXT BOOK COLLECTION CBU-SCHOOL TEXT BOOK COLLECTION   05/03/2023   TN 260 Jou 03209 05/03/2023 3 05/03/2023 MONOGRAPH
          CBU-SCHOOL TEXT BOOK COLLECTION CBU-SCHOOL TEXT BOOK COLLECTION   05/03/2023   TN 260 Jou 03208 05/03/2023 4 05/03/2023 MONOGRAPH